Entry Personal Name
Number of records used in: 1
001 - CONTROL NUMBER
003 - CONTROL NUMBER IDENTIFIER
005 - DATE AND TIME OF LATEST TRANSACTION
- control field:
20160429113923.0
008 - FIXED-LENGTH DATA ELEMENTS
- fixed length control field:
160429|| aca||aabn | a|a d
040 ## - CATALOGING SOURCE
- Original cataloging agency:
OSt
- Transcribing agency:
OSt
100 ## - HEADING--PERSONAL NAME
- Personal name:
Freeman, James A.
670 ## - SOURCE DATA FOUND
- Source citation:
Work cat.: (OSt): Freeman, James A., Neural Networks : Algorithms, Applications, and Programming Techniques, 2004